Films et séries MCU par ordre de sortie - Statistiques

Statistiques générales
  • Ce quiz a été pris 499 fois
    115 depuis la dernière actualisation
  • Le résultat moyen est 33 sur 68
Statistiques - réponses
Dates de Sorties Films % Correct
2008 Iron Man
98%
2012 Avengers
94%
2011 Thor
93%
2010 Iron Man 2
90%
2013 Iron Man 3
89%
2018 Avengers: Infinity War
85%
2015 Avengers : L'Ère d'Ultron
85%
2019 Avengers: Endgame
84%
2008 L'Incroyable Hulk
83%
2017 Spider-Man: Homecoming
81%
2016 Doctor Strange
80%
2014 Captain America : Le Soldat de L'hiver
79%
2017 Thor: Ragnarok
78%
2015 Ant-Man
76%
2014 Les Gardiens de la Galaxie
76%
2019 Spider-Man : Far From Home
76%
2018 Black Panther
75%
2016 Captain America: Civil War
73%
2018 Ant-Man et la Guêpe
71%
2011 Captain America: First Avenger
70%
2021 Spider-Man : No Way Home
70%
2021 Black Widow
69%
2021 Loki
69%
2013 Thor : Le Monde des Ténèbres
68%
2019 Captain Marvel
66%
2022 Thor : Love and Thunder
66%
2021 WandaVision
64%
2022 Black Panther : Wakanda Forever
55%
2021 Les Éternels
55%
2021 Hawkeye
53%
2017 Les Gardiens de la Galaxie Vol.2
53%
2025 Thunderbolts*
53%
2022 Doctor Strange in the Multiverse of Madness
48%
2026 Avengers: Doomsday
46%
2025 Captain America: Brave New World
46%
2023 Ant-Man et la Guêpe : Quantumania
45%
2022 Ms. Marvel
45%
2023 Les Gardiens de la Galaxie Vol.3
44%
2021 Shang-Chi et la Légende des Dix Anneaux
43%
2023 The Marvels
43%
2021 What If...?
40%
2021 Falcon et le Soldat de l'Hiver
39%
2022 Moon Knight
38%
2024 Deadpool et Wolverine
36%
2027 Avengers: Secret Wars
30%
2025 Les Quatre Fantastiques : Premiers pas
29%
2025 Daredevil: Born Again
26%
2024 Daredevil Born Again
26%
2023 Secret Invasion
26%
2024 Agatha All Along
25%
2024 Echo
25%
2025 Ironheart
23%
2022 Je s'appelle Groot
23%
NC Blade
21%
2022 She-Hulk : Avocate
21%
2026 Spider-Man: Brand New Day
20%
NC X-Men
16%
2022 Werewolf by Night
14%
2022 Les Gardiens de la Galaxie : Joyeuses Fêtes
10%
NC Punisher
9%
NC Armor Wars
8%
NC Black Panther 3
6%
2025 Eyes of Wakanda
6%
2025 Marvel Zombies
6%
NC Shang-Chi 2
5%
2026 Vision Quest
4%
2025 Wonder Man
4%
2025 Votre fidèle serviteur Spider-Man
3%
Aucun quiz correspondant
Distribution des résultats
% des personnes avec chaque résultat
Percentile par nombre de réponses
Votre historique - résultats
Vous n’avez pas pris ce quiz depuis la dernière actualisation